[Event "BL Meisterschaftsturnier 2020"]
[Site "Karlsruhe"]
[Date "2020.09.20"]
[Round "7.7"]
[White "Polzin, Rainer"]
[Black "Zumsande, Martin"]
[Result "0-1"]
[WhiteElo "2415"]
[BlackElo "2456"]
[Annotator "ChessBase"]
[PlyCount "72"]
[EventDate "2020.09.16"]
[EventType "team-tourn"]
[EventCountry "GER"]
[SourceTitle "playchess.com"]
[Source "ChessBase"]
[SourceQuality "1"]
[WhiteTeam "SF Berlin"]
[BlackTeam "Werder Bremen"]
[TimeControl "40/5400+30:1800+30"]

1. e4 {[%emt 0:00:00]} e6 {[%emt 0:00:00]} 2. d4 {[%emt 0:00:00]} d5 {[%emt 0:00:00]} 3. Nc3 {[%emt 0:00:00]} Nf6 {[%emt 0:00:00]} 4. Bg5 {[%emt 0:00:00]} Be7 {[%emt 0:00:00]} 5. e5 {[%emt 0:00:00]} Nfd7 {[%emt 0:00:00]} 6. Bxe7 {[%emt 0:00:21]} Qxe7 {[%emt 0:00:04]} 7. f4 {[%emt 0:00:05]} a6 {[%emt 0:01:35]} 8. Nf3 {[%emt 0:00:05]} c5 {[%emt 0:00:11]} 9. Qd2 {[%emt 0:00:15]} Nc6 {[%emt 0:00:15]} 10. dxc5 {[%emt 0:00:11]} Nxc5 {[%emt 0:00:59]} 11. Bd3 {[%emt 0:00:27]} Bd7 {[%emt 0:04:10]} 12. O-O {[%emt 0:05:30]} O-O {[%emt 0:06:18]} 13. Rae1 {[%emt 0:04:02]} Rac8 {[%emt 0:24:09]} 14. a3 {[%emt 0:04:43]} f5 {[%emt 0:10:12]} 15. exf6 {[%emt 0:00:42]} Qxf6 {[%emt 0:00:07]} 16. Ne5 {[%emt 0:01:48]} Be8 {[%emt 0:04:57]} 17. g3 {[%emt 0:27:25]} Nxe5 {[%emt 0:07:53]} 18. Rxe5 {[%emt 0:04:50]} Bg6 {[%emt 0:08:17]} 19. Bxg6 {[%emt 0:06:44]} hxg6 {[%emt 0:04:10]} 20. Rfe1 {[%emt 0:03:31]} Rc6 {[%emt 0:01:08]} 21. Nd1 {[%emt 0:02:43]} Ne4 {[%emt 0:03:07]} 22. Qg2 {[%emt 0:25:22]} g5 {[%emt 0:00:06]} 23. Ne3 {[%emt 0:06:35]} gxf4 {[%emt 0:02:23]} 24. Ng4 {[%emt 0:00:01]} Qd8 {[%emt 0:08:30]} 25. gxf4 {[%emt 0:00:12]} Qb6+ {[%emt 0:00:39]} 26. Kh1 {[%emt 0:00:13]} Rxf4 {[%emt 0:00:32]} 27. R5xe4 {[%emt 0:03:07]} dxe4 {[%emt 0:02:05]} 28. Rg1 {[%emt 0:00:18]} Qxb2 {[%emt 0:01:38]} 29. Nh6+ {[%emt 0:00:52]} Kf8 {[%emt 0:01:36]} 30. Qd2 {[%emt 0:00:35]} Qf6 {[%emt 0:01:25]} 31. Ng4 {[%emt 0:00:12]} Rxg4 {[%emt 0:04:31]} 32. Rxg4 {[%emt 0:00:01]} e5 {[%emt 0:00:20]} 33. Qb4+ {[%emt 0:00:51]} Rd6 {[%emt 0:00:37]} 34. Qxe4 {[%emt 0:01:21]} Rd1+ {[%emt 0:01:35]} 35. Kg2 {[%emt 0:01:05]} Rd2+ {[%emt 0:00:15]} 36. Kh3 {[%emt 0:00:06]} Qf1+ {[%emt 0:00:32]} 0-1

[Event "BL Meisterschaftsturnier 2020"]
[Site "Karlsruhe"]
[Date "2020.09.20"]
[Round "7.8"]
[White "Fedorchuk, Sergey A."]
[Black "Bacrot, Etienne"]
[Result "1-0"]
[WhiteElo "2615"]
[BlackElo "2673"]
[Annotator "TA"]
[PlyCount "63"]
[EventDate "2020.09.16"]
[EventType "team-tourn"]
[EventCountry "GER"]
[SourceTitle "playchess.com"]
[Source "ChessBase"]
[SourceQuality "1"]
[WhiteTeam "Viernheim"]
[BlackTeam "Baden-Baden"]

{[%evp 12,63,14,0,9,0,1,8,12,0,10,11,14,9,27,29,28,0,0,0,12,0,18,0,54,53,87,29,39,0,86,87,209,205,208,205,224,219,215,212,243,227,246,239,282,281,274,270,333,344,348,318,325,318]} 1. e4 e5 2. Bc4 Nf6 3. d3 c6 4. Nf3 d5 5. Bb3 Bb4+ 6. Bd2 Bxd2+ 7. Nbxd2 a5 {White must now prevent ...a4. C24: Bishop's Opening: 2...Nf6.} 8. c3 Bg4 9. h3 Bxf3 $1 {The position is equal.} 10. Nxf3 Nbd7 11. exd5 cxd5 12. O-O {With the idea Re1.} Qc7 13. Re1 $36 {[%mdl 2048] Hoping for Nxe5! White has some pressure.} O-O {[#]} 14. Re3 $146 ({Predecessor:} 14. Ba4 e4 15. Nd4 Nc5 16. Bc2 Rfd8 17. Qe2 exd3 18. Bxd3 Re8 19. Qd2 Nfe4 20. Qc2 {½-½ (48) Pirs,M (2551)-Mary,P (2563) ICCF email 2010}) 14... e4 15. Nd4 Nc5 16. Bc2 a4 17. Qd2 Qf4 ({Better is} 17... Qb6 $11) 18. Rd1 Rfd8 19. Qe1 (19. f3 $16) 19... Qc7 20. Qd2 Qf4 21. f3 Qh4 {[#] This costs Black the game.} (21... Qc7 $16 {was worth a try.}) 22. Nf5 $1 $18 {[%cal Rf5h4]} Qf4 23. dxe4 g6 24. e5 Nh5 25. Nd6 Nd7 {[#]} 26. Nxf7 $1 {[%mdl 64] Decoy} Kxf7 27. e6+ ({Much less strong is} 27. Qxd5+ $6 Kg7) 27... Kg7 28. exd7 {White has a decisive advantage.} Rxd7 29. a3 Qg5 30. Qd4+ Kh6 31. Qe5 ({Less strong is} 31. Re5 Qg3 $18) 31... Ra6 32. Rd4 {Accuracy: White = 91%, Black = 71%.} 1-0

[Event "BL Meisterschaftsturnier 2020"]
[Site "Karlsruhe"]
[Date "2020.09.20"]
[Round "7.8"]
[White "Wachinger, Nikolas"]
[Black "Florstedt, Johannes"]
[Result "1-0"]
[WhiteElo "2304"]
[BlackElo "2353"]
[Annotator "ChessBase"]
[PlyCount "37"]
[EventDate "2020.09.16"]
[EventType "team-tourn"]
[EventCountry "GER"]
[SourceTitle "playchess.com"]
[Source "ChessBase"]
[SourceQuality "1"]
[WhiteTeam "Werder Bremen"]
[BlackTeam "SF Berlin"]
[TimeControl "40/5400+30:1800+30"]

1. d4 {[%emt 0:00:00]} Nf6 {[%emt 0:00:00]} 2. c4 {[%emt 0:00:00]} g6 {[%emt 0:00:00]} 3. Nc3 {[%emt 0:00:00]} d5 {[%emt 0:00:00]} 4. cxd5 {[%emt 0:00:00]} Nxd5 {[%emt 0:00:00]} 5. Na4 {[%emt 0:00:02]} Bg7 {[%emt 0:04:26]} 6. e4 {[%emt 0:01:16]} Nb6 {[%emt 0:00:04]} 7. Nf3 {[%emt 0:00:21]} O-O {[%emt 0:00:16]} 8. Be3 {[%emt 0:00:14]} Bg4 {[%emt 0:02:14]} 9. Nc5 {[%emt 0:00:08]} Nc6 {[%emt 0:01:43]} 10. Nxb7 {[%emt 0:00:10]} Qc8 {[%emt 0:05:16]} 11. Nc5 {[%emt 0:00:18]} Bxf3 {[%emt 0:01:58]} 12. Qxf3 {[%emt 0:00:13]} Nxd4 {[%emt 0:00:43]} 13. Qd1 {[%emt 0:00:10]} a5 {[%emt 0:06:04]} 14. Bxd4 {[%emt 0:00:10]} Rd8 {[%emt 0:00:08]} 15. e5 {[%emt 0:00:07]} a4 {[%emt 0:51:33]} 16. f4 {[%emt 0:20:48]} Rd5 {[%emt 0:00:42]} 17. Qd3 {[%emt 0:02:06]} Qd8 {[%emt 0:05:49]} 18. Rd1 {[%emt 0:06:36]} Nd7 {[%emt 0:00:06]} 19. Qf3 {[%emt 0:00:35]} 1-0

[Event "BL Meisterschaftsturnier 2020"]
[Site "Karlsruhe"]
[Date "2020.09.20"]
[Round "7.9"]
[White "Kamsky, Gata"]
[Black "L'Ami, Erwin"]
[Result "1-0"]
[WhiteElo "2674"]
[BlackElo "2620"]
[Annotator "TA"]
[PlyCount "127"]
[EventDate "2020.09.16"]
[EventType "team-tourn"]
[EventCountry "GER"]
[SourceTitle "playchess.com"]
[Source "ChessBase"]
[SourceQuality "1"]
[WhiteTeam "Deizisau"]
[BlackTeam "Solingen"]

{[%evp 27,127,22,34,30,40,35,35,37,37,35,48,31,55,50,35,8,8,8,45,46,42,10,44,43,39,47,44,26,46,34,56,25,68,60,73,84,100,41,43,42,89,89,93,77,89,72,93,87,92,80,92,54,54,43,40,0,59,59,59,59,60,41,58,55,57,0,40,0,68,68,77,65,68,65,50,52,204,202,204,198,194,161,196,158,281,278,281,281,5631,5293,3141,1866,1560,1658,29969,29971,29969,29970,29964,12064,29975,29976]} 1. e4 e5 2. Nf3 Nc6 3. Bb5 a6 4. Ba4 Nf6 5. O-O Be7 6. Re1 b5 7. Bb3 d6 8. c3 O-O 9. d4 Bg4 10. d5 Na5 11. Bc2 c6 12. h3 Bh5 13. dxc6 Qc7 14. Nbd2 {[%cal Bb1d2,Bd2f1,Bf1g3,Bg3f5,Bf5e3][%mdl 32]} Qxc6 15. Nf1 {C91: Closed Ruy Lopez: 7...d6 8 c3 0-0 9 d4.} Rfe8 {has lost popularity (15...Nc4).} 16. Ng3 Bg6 17. Nh4 {White is slightly better.} Rad8 18. Ngf5 Nc4 19. a4 Bf8 20. axb5 axb5 {[#]} 21. Nxg6 $146 ({Predecessor:} 21. Qf3 d5 22. exd5 Rxd5 23. Nxg6 hxg6 24. Ne3 e4 25. Qe2 Nxe3 26. Bxe3 Bc5 27. c4 {½-½ (60) Hernandez Guerrero,G (2538)-Froeyman,H (2308) Belfort 2004}) 21... hxg6 22. Ne3 d5 23. exd5 Nxd5 24. Qf3 Qf6 (24... Ncxe3 {is more complex.} 25. Bxe3 Qf6 26. Red1 Nxe3 27. Qxe3 Rc8) 25. Qxf6 gxf6 26. Nxc4 bxc4 27. g3 f5 28. Ra4 Nb6 29. Ra5 e4 30. Rd1 Rxd1+ 31. Bxd1 Rc8 32. Be3 (32. Be2 $16) 32... Nd7 $14 33. Be2 Bg7 {[#]} 34. Bf4 $1 Bf6 35. Rb5 Rc6 36. Kg2 Kg7 37. h4 Nb6 38. h5 Nd7 39. hxg6 Kxg6 40. Rd5 Nb6 41. Rb5 Nd7 $1 42. f3 exf3+ 43. Kxf3 Bg5 44. Rd5 Nb6 45. Ra5 Nd7 46. Rd5 Nb6 47. Rb5 Nd7 $1 48. Bd1 Kf6 49. Bc2 Nc5 50. Rb4 Bxf4 51. gxf4 {[%mdl 4096] Endgame KRB-KRN} Ne6 $2 {Loses the game.} (51... Na6 $1 $14 52. Ra4 Nc7) 52. Ba4 $18 Rc8 53. Bd7 Rc7 54. Bb5 Rb7 55. Ke3 Ke7 (55... Re7 $16 {is a better defense.}) 56. Bxc4 Rxb4 57. cxb4 {[#] Threatens to win with Bxe6. KB-KN} Nc7 $2 (57... Nf8 58. b5 f6) 58. Kd4 Kd6 59. Bxf7 Nb5+ 60. Kc4 Nc7 61. b5 Na8 62. Kb4 Nb6 63. Ka5 Kc7 64. Be6 {Accuracy: White = 89%, Black = 61%.} 1-0

[Event "BL Meisterschaftsturnier 2020"]
[Site "Karlsruhe"]
[Date "2020.09.20"]
[Round "7.9"]
[White "Bogner, Sebastian"]
[Black "Koch, Thomas"]
[Result "1/2-1/2"]
[WhiteElo "2571"]
[BlackElo "2461"]
[Annotator "TA"]
[PlyCount "84"]
[EventDate "2020.09.16"]
[EventType "team-tourn"]
[EventCountry "GER"]
[SourceTitle "playchess.com"]
[Source "ChessBase"]
[SourceQuality "1"]
[WhiteTeam "Bayern Muenchen"]
[BlackTeam "Aachen"]

{[%evp 23,84,18,9,0,5,2,2,2,8,0,22,22,13,-18,-18,-24,-26,-96,-100,-89,-80,-191,-211,-253,-245,-265,-265,-271,-264,-271,-268,-253,-144,-715,-108,-444,-420,-642,-643,-695,-688,-613,-263,-263,-247,-266,-241,-241,-241,-267,-207,-201,-157,-291,-288,-286,-228,-219,-214,-331,-191,-179,0]} 1. d4 Nf6 2. c4 e6 3. g3 c5 4. d5 exd5 5. cxd5 d6 6. Nc3 g6 7. Bg2 Bg7 8. Nf3 O-O 9. O-O Na6 10. Nd2 Nc7 11. a4 b6 12. Nc4 Ba6 13. Na3 {was the old line (13.Qb3). A62: Modern Benoni: Fianchetto Variation without early ...Nbd7.} Qd7 14. Re1 {[#]} Ng4 $146 ({Predecessor:} 14... Nh5 15. e4 f5 16. exf5 Qxf5 17. Be3 Bxc3 18. bxc3 Nf6 19. c4 Ng4 20. Bf4 Rae8 21. Rxe8 Rxe8 {½-½ (58) Andersen,M (2422)-Fauland,A (2477) Krakow 2011}) 15. h3 {The position is equal.} Ne5 16. Qb3 {And now f4 would win.} Qe7 17. Bd2 g5 18. Ne4 h6 $1 $36 {[%mdl 2048] Black has good play.} 19. f4 f5 20. Nf2 (20. Nc3 $11) 20... gxf4 $17 21. gxf4 Ng6 22. e4 (22. Nb5 $17) 22... Qh4 $1 $19 23. e5 Nxf4 24. exd6 {aiming for Bxf4.} Nxg2 ({Less strong is} 24... Bd4 25. Bxf4 Bxf2+ 26. Kh1 $17) 25. Kxg2 Rf6 26. Qf3 Rxd6 {[%mdl 64] Discovered Attack} 27. Bf4 Bb7 (27... Rg6+ $19 28. Kh1 Qd8 29. Bxc7 Qxc7) 28. Rad1 $2 {[%mdl 8192]} (28. Bxd6 $17 Bxd5 29. Ne4 fxe4 30. Qg3 Qxg3+ 31. Bxg3) 28... Bd4 $2 ({Weaker is} 28... Bxd5 29. Rxd5 Rg6+ 30. Kf1 $11) (28... Rxd5 $19 {is more deadly.} 29. Bxc7 Rd2 $3 {[%mdl 576] Discovered Attack} 30. Qxb7 Qxf2+ 31. Kh1 Rad8 $1 {[%mdl 512]}) 29. Rxd4 $4 {[%mdl 8192]} (29. Bxd6 $17 Bxd5 30. Ne4 fxe4 31. Qg4+ Qxg4+ 32. hxg4) 29... cxd4 30. Bxd6 (30. Kh2 $142 Bxd5 31. Rg1+ Kf7 32. Qg3 Qxg3+ 33. Rxg3) 30... Bxd5 31. Bxc7 Bxf3+ 32. Kxf3 Kf7 (32... Kh7 $142 33. Bd6 Qh5+ 34. Kf4 {[#]} d3 $1 {[%mdl 512]} 35. Re7+ Kg8 36. Nxd3 Rd8) 33. Nc4 Rg8 34. Ne5+ Kg7 {Threatens to win with ...Qe7.} 35. Ned3 Kh7 {...Qh5+ is the strong threat.} 36. Ke2 Re8+ 37. Be5 Qd8 38. Kd2 (38. Kf1 $17) 38... Qd5 39. Kc2 Qc4+ 40. Kb1 Qxa4 41. Rc1 (41. Rg1 $142 Rg8 42. Rc1) 41... Re7 (41... Qb5 $142 42. Bf6 Re6 43. Rc7+ Kg8) 42. Rc8 {intending Rh8+.} Kg6 $2 {Accuracy: White = 50%, Black = 57%.} (42... Qb5 $19 43. Bxd4 Kg6) 1/2-1/2

[Event "BL Meisterschaftsturnier 2020"]
[Site "Karlsruhe"]
[Date "2020.09.20"]
[Round "7.10"]
[White "Tari, Aryan"]
[Black "Heimann, Andreas"]
[Result "1/2-1/2"]
[WhiteElo "2630"]
[BlackElo "2617"]
[Annotator "TA"]
[PlyCount "60"]
[EventDate "2020.09.16"]
[EventType "team-tourn"]
[EventCountry "GER"]
[SourceTitle "playchess.com"]
[Source "ChessBase"]
[SourceQuality "1"]
[WhiteTeam "Solingen"]
[BlackTeam "Deizisau"]

{[%evp 14,60,-1,-13,-2,-2,0,3,26,28,36,19,12,5,15,0,7,-15,0,0,0,0,0,-26,-4,-11,-20,-9,-10,-17,-16,-13,-15,-15,-15,-18,-16,-15,0,0,0,0,0,0,0,0,0,7,14]} 1. e4 e5 2. Nf3 Nc6 3. d4 exd4 4. Nxd4 Nf6 5. Nxc6 bxc6 6. e5 Qe7 7. Qe2 Nd5 8. h4 d6 {8...a5 is a critical line. Played by Anish Giri in August 2020. C45: Scotch Game.} 9. c4 Nb6 10. exd6 Qxe2+ 11. Bxe2 cxd6 12. Nc3 Be6 13. b3 Be7 {[#]} 14. Bb2 $146 ({Predecessor:} 14. Bg5 h6 15. Bxe7 Kxe7 16. Bf3 Rac8 17. O-O-O Rhd8 18. Rhe1 d5 19. cxd5 cxd5 20. Kb2 {1-0 (49) Morozevich,A (2659)-Narayanan,S (2540) chess.com INT 2020}) 14... O-O 15. O-O-O d5 16. cxd5 Nxd5 17. Nxd5 Bxd5 18. Rh3 Rfe8 19. Bc4 {The position is equal.} Bxc4 20. bxc4 Bc5 21. Bd4 Re4 22. Rhd3 Bf8 ({Not} 22... Rxh4 $2 23. Bxc5 Rxc4+ 24. Kb2 $18) 23. g3 c5 24. Bc3 Rxc4 25. Kc2 Ra4 26. Kb3 Ra6 {...Rb8+ is the strong threat.} 27. Rd8 Rxd8 28. Rxd8 f6 29. Rc8 Kf7 30. a4 Be7 {A rather calm draw. Accuracy: White = 94%, Black = 100%.} 1/2-1/2

[Event "BL Meisterschaftsturnier 2020"]
[Site "Karlsruhe"]
[Date "2020.09.20"]
[Round "7.10"]
[White "Vandenbussche, Thibaut"]
[Black "Studer, Noel"]
[Result "0-1"]
[WhiteElo "2435"]
[BlackElo "2573"]
[Annotator "TA"]
[PlyCount "84"]
[EventDate "2020.09.16"]
[EventType "team-tourn"]
[EventCountry "GER"]
[SourceTitle "playchess.com"]
[Source "ChessBase"]
[SourceQuality "1"]
[WhiteTeam "Aachen"]
[BlackTeam "Bayern Muenchen"]

{[%evp 13,84,3,0,4,20,-5,0,-6,3,1,23,27,61,0,6,-10,18,0,14,2,21,-13,0,-14,21,16,25,-24,-6,-10,-10,-23,-22,-27,-16,-32,-32,-31,-31,-34,-35,-95,-22,-25,-40,-210,-206,-231,-222,-230,-230,-230,-189,-639,-605,-639,-581,-740,-735,-743,-473,-1044,-1039,-1021,-1015,-1173,-1146,-1135,-1101,-1456,-1443,-1425,-1427]} 1. e4 c5 2. Nf3 Nc6 3. Bb5 g6 4. O-O Bg7 5. c3 Nf6 6. Re1 O-O 7. h3 Qb6 8. Na3 {B31: Sicilian: 2...Nc6 3 Bb5 g6.} Rd8 {[#]} 9. d4 $146 ({Predecessor:} 9. e5 Ne8 10. Qa4 d6 11. d4 cxd4 12. cxd4 dxe5 13. dxe5 Nc7 14. Be3 Qa5 15. Bxc6 Qxa4 16. Bxa4 {1-0 (29) Sjugirov,S (2665)-Vokhidov,S (2526) Moscow 2019}) 9... cxd4 10. cxd4 {The position is equal.} d5 11. e5 {[#] aiming for Bxc6.} Ne8 12. Bxc6 bxc6 13. Nc2 (13. Nb1 $14) 13... Nc7 $11 14. b3 Ne6 15. Ba3 Rd7 16. Qd2 a5 17. Qc3 Ba6 18. g3 Bb5 19. h4 h6 20. Re3 (20. h5 $5) 20... Qa6 21. Nce1 a4 22. Nd3 axb3 23. axb3 Qc8 24. Bc5 Rxa1+ 25. Qxa1 Rb7 26. Qa3 Bf8 27. Kg2 ({White should play} 27. Bb4 $15) 27... g5 ({Black should try} 27... h5 $17 {Threatening ...Bh6.} 28. Ng5 Bh6) 28. hxg5 hxg5 29. Qc1 $2 {This move loses the game for White.} (29. Nh2 $15) 29... g4 $19 30. Nh2 Bh6 {[#] White must now prevent ...Bxd3.} 31. Nxg4 Bxe3 32. Qxe3 Bxd3 $1 33. Bxe7 $2 (33. Qxd3 Nf4+ 34. gxf4 Qxg4+ {[%mdl 64] Double Attack} 35. Qg3 Qxg3+ 36. fxg3) 33... Rxe7 {Black is clearly winning.} 34. Nf6+ Kg7 {Hoping for ...Bg6.} 35. Nh5+ Kf8 36. Nf6 Ra7 37. Qh6+ (37. Qxd3 $142 Ke7 38. Qh7) 37... Ke7 38. Qh4 Qd8 39. Nxd5+ Kd7 40. Nf6+ Kc7 41. d5 cxd5 {[%cal Bc6d5,Bd5d4][%mdl 32]} 42. Qb4 d4 {Accuracy: White = 68%, Black = 84%.} 0-1

[Event "BL Meisterschaftsturnier 2020"]
[Site "Karlsruhe"]
[Date "2020.09.20"]
[Round "7.11"]
[White "Meier, Georg"]
[Black "Van Foreest, Jorden"]
[Result "1/2-1/2"]
[WhiteElo "2622"]
[BlackElo "2682"]
[Annotator "TA"]
[PlyCount "43"]
[EventDate "2020.09.16"]
[EventType "team-tourn"]
[EventCountry "GER"]
[SourceTitle "playchess.com"]
[Source "ChessBase"]
[SourceQuality "1"]
[WhiteTeam "Deizisau"]
[BlackTeam "Solingen"]

{[%evp 19,43,8,8,8,13,17,16,3,18,14,13,14,19,15,34,27,35,22,27,0,8,0,0,0,35,35]} 1. Nf3 Nf6 2. g3 g6 3. Bg2 Bg7 4. O-O O-O 5. d4 d6 6. a4 a5 7. Nbd2 Nc6 8. e4 e5 9. dxe5 Nxe5 10. Nxe5 dxe5 11. Nc4 {A49: 1 d4 Nf6 2 Nf3 g6 3 g3: Anti-King's Indian systems.} Qe7 12. b3 Rd8 13. Ba3 {[#] The position is equal.} Rxd1 $146 ({Predecessor:} 13... Qe8 14. Qe2 b6 15. Rfd1 Ba6 16. Bf1 Qe6 {½-½ (16) Khetsuriani,B (2331)-Spirin,O (2466) Aghios Kirykos 2009}) 14. Bxe7 Rxa1 15. Rxa1 {aiming for Rd1.} Be6 16. Rd1 {And now Nxa5! would win.} Bxc4 17. bxc4 Ne8 18. Rd7 {With the idea Bf1.} Bf8 19. Bd8 Ra6 20. Bxc7 Nxc7 21. Rxc7 Rc6 22. Rxc6 {Accuracy: White = 100%, Black = 90%.} 1/2-1/2

[Event "BL Meisterschaftsturnier 2020"]
[Site "Karlsruhe"]
[Date "2020.09.20"]
[Round "7.11"]
[White "Bischoff, Klaus"]
[Black "Piceu, Tom"]
[Result "1/2-1/2"]
[WhiteElo "2503"]
[BlackElo "2347"]
[Annotator "RC"]
[PlyCount "39"]
[EventDate "2020.09.16"]
[EventType "team-tourn"]
[EventCountry "GER"]
[SourceTitle "playchess.com"]
[Source "ChessBase"]
[SourceQuality "1"]
[WhiteTeam "Bayern Muenchen"]
[BlackTeam "Aachen"]
[TimeControl "40/5400+30:1800+30"]

1. c4 {[%emt 0:00:00]} e5 {[%emt 0:00:00]} 2. Nc3 {[%emt 0:00:00]} Nf6 {[%emt 0:00:00]} 3. Nf3 {[%emt 0:00:00]} d6 {[%emt 0:00:26]} 4. d4 {[%emt 0:00:05]} Nbd7 {[%emt 0:00:34]} 5. e4 {[%emt 0:00:57]} g6 {[%emt 0:00:33]} 6. Be2 {[%emt 0:00:11]} Bg7 {[%emt 0:00:07]} 7. O-O {[%emt 0:00:10]} O-O {[%emt 0:00:04]} 8. Qc2 {[%emt 0:00:39]} a5 {[%emt 0:00:27]} 9. Rd1 {[%emt 0:01:17]} exd4 {[%emt 0:03:08]} 10. Nxd4 {[%emt 0:00:38]} Re8 {[%emt 0:00:09]} 11. Ndb5 {[%emt 0:06:27]} Nc5 {[%emt 0:05:21]} 12. f3 {[%emt 0:01:13]} Bd7 {[%emt 0:14:32]} 13. Be3 {[%emt 0:07:24]} Ne6 {[%emt 0:03:32]} 14. Qd2 {[%emt 0:03:53]} h5 {[%emt 0:00:29]} 15. Rac1 {[%emt 0:03:33]} h4 {[%emt 0:05:45]} 16. Bf1 {[%emt 0:11:32]} Nh5 {[%emt 0:05:52]} 17. Nd4 {[%emt 0:05:08]} Nc5 {[%emt 0:11:12]} 18. Ndb5 {[%emt 0:01:59]} Ne6 {[%emt 0:01:27]} 19. Nd4 {[%emt 0:01:24]} Nc5 {[%emt 0:00:07]} 20. Ndb5 {[%emt 0:00:48]} 1/2-1/2

[Event "BL Meisterschaftsturnier 2020"]
[Site "Karlsruhe"]
[Date "2020.09.20"]
[Round "7.12"]
[White "Andersen, Mads"]
[Black "Bluebaum, Matthias"]
[Result "1/2-1/2"]
[WhiteElo "2585"]
[BlackElo "2660"]
[Annotator "TA"]
[PlyCount "80"]
[EventDate "2020.09.16"]
[EventType "team-tourn"]
[EventCountry "GER"]
[SourceTitle "playchess.com"]
[Source "ChessBase"]
[SourceQuality "1"]
[WhiteTeam "Solingen"]
[BlackTeam "Deizisau"]

{[%evp 12,80,3,5,27,25,38,41,47,48,47,43,46,54,54,39,37,45,62,41,55,47,45,0,12,-9,-14,-28,-36,-28,-33,-9,-9,-16,-8,-44,-38,-58,-27,-27,-27,-21,-29,-101,-27,-27,-19,-45,-20,-30,-27,-27,0,0,15,14,22,28,31,0,0,0,0,0,0,0,0,0,0,0,0]} 1. d4 Nf6 2. c4 e6 3. Nf3 d5 4. g3 Bb4+ 5. Bd2 a5 6. Bg2 O-O 7. Qc2 c5 {E11: Bogo-Indian.} 8. cxd5 cxd4 9. Nxd4 Qb6 {White is slightly better.} 10. e3 exd5 11. O-O Nc6 12. Nxc6 bxc6 13. Rc1 Rb8 $5 {[%mdl 4] is more profitable than 13...Bd7 at the moment. Played by Anish Giri in April 2020. An interesting side line.} 14. Nc3 h5 15. a3 Be7 $1 16. Na4 {[#]} Qc7 $146 ({Predecessor:} 16... Qd8 17. Qxc6 Bf5 18. Qc7 Qe8 19. Nb6 Ne4 20. Nxd5 Bd6 21. Qc6 Qe6 22. Bxa5 Rxb2 23. Be1 h4 24. Nf4 Qe7 25. Nd5 Qe6 26. Nf4 Qe7 27. Nd5 Qe6 {½-½ (27) Thybo,J (2590)-Grandelius,N (2651) Ballerup 2020}) 17. Nc5 h4 18. e4 Rb5 $36 {[%mdl 2048] Black has some pressure.} 19. Be3 Ng4 20. Bf4 Bd6 21. Nd3 Bxf4 22. Nxf4 Qb6 23. Rab1 dxe4 24. Bxe4 Re5 25. Re1 Rxe4 26. Rxe4 Bf5 27. Nh3 (27. Rf1 $1 $11 {remains equal.}) 27... hxg3 (27... c5 $17 {Strongly threatening ...hxg3.} 28. Qe2 Nf6 {[%mdl 64] Pin}) 28. hxg3 $11 c5 {White must now prevent ...Qh6.} 29. Qe2 Nf6 {[%mdl 64] [#] Pin} 30. Ng5 Nxe4 31. Nxe4 c4 32. Qxc4 Rd8 {Hoping for ...Rd4.} (32... Re8 $5 33. Re1 $8 Re5 $14) 33. Re1 Qxb2 {[#]} 34. Qc7 $1 {[%mdl 512]} Ra8 35. Nd6 Be6 {The position is equal.} 36. Rxe6 Qb1+ (36... fxe6 $5 37. Qf7+ $8 {[%mdl 64] Double Attack} Kh8 $11) 37. Kg2 fxe6 38. Qf7+ {[%mdl 64] Double Attack} Kh7 {Threatens to win with ...Qg6.} 39. Qh5+ Kg8 {...Rf8 is the strong threat.} 40. Qf7+ {[%mdl 64] Double Attack} Kh7 {Accuracy: White = 82%, Black = 86%.} 1/2-1/2